| 000 | 01171cad a22002295a 4500 | ||
|---|---|---|---|
| 001 | L137769 | ||
| 008 | 101026c2010 xxkar ws ss 000 a0eng d | ||
| 035 | _a(Sirsi) u137769 | ||
| 041 | 0 | _aeng | |
| 110 | 2 |
_aInvestment Property Databank _92288 |
|
| 245 | 0 | 0 |
_aIPD UK annual property index _h [electronic resource] |
| 260 |
_aLondon _bIPD _c2010- |
||
| 362 | 0 | _aCurrent annual index only | |
| 490 | 0 | _aIPD UK Annual Property Index | |
| 520 | _aReports on commercial property performance for the year. Provides figures for total return, capital growth, income return and rental growth for all-property, retail, office and industrial sectors. The UK Annual Property Index is IPD's flagship service in terms of the number of properties and length of historic coverage - the full Index tracks the three market sectors all the way back to 1971 (subscribers). | ||
| 554 | _aAnnual | ||
| 650 | 2 | 4 | _aIPD UK ANNUAL INDEX |
| 651 | 4 |
_aUnited Kingdom _y |
|
| 690 | _aPROPERTY-COMMERCIAL PROPERTY-COMMERCIAL PROPERTY MARKET | ||
| 856 | 4 | 0 |
_uhttps://www.ipd.com/OurProducts/Indices/UnitedKingdom/tabid/446/Default.aspx _zView the index free of charge at www.ipd.com |
| 942 | _n0 | ||
| 999 |
_c118911 _d118911 |
||